02480cam a22003735a 4500001000800000005001700008008004100025010001700066020001500083020001500098020001800113040004500131082002100176100001900197245006100216246008300277260005900360300003500419500002700454520109400481650004601575650003301621650004701654650003601701650003301737651001001770653002201780655002401802700002201826856009001848942000801938999001701946952014301963107000020161023141051.0910509r19931992nyua fr 000 0 eng d a 91018225  a038530174X a0385308272 a9780385308274 aDLCbengcDLCdDLCdOCoLCdDLCdEG-ScBUE04a155.264bKRO2221 aKroeger, Otto.10aType talk at work /cOtto Kroeger with Janet M. Thuesen.34aType talk at work : how 16 personality types determine your success on the job aNew York :bDelacorte Press :bDell Publishing,c1993. axiii, 400 p. :bill. ;c22 cm. a"A Tilden Press book." aWhat's your type at work? Are you one of those organized people who always complete their projects before they are due? Or do you put off getting the job done until the very last possible moment? Is your boss someone who readily lets you know how you are doing? Or does she always leave you unsure of precisely where you stand? Do you find that a few people on your team are incredibly creative but can never seem to get to a meeting on time? Do others require a specific agenda at the meeting in order to focus on the job at hand? Bestselling authors Otto Kroeger and Janet Thuesen make it easy to recognize your own type and those of your co-workers in Type talk at work, a revolutionary guide to understanding your workplace and thriving in it. Fully revised and updated for its 10th anniversary, this popular classic now features a new chapter on leadership, showing you how to be more effective on the job. Get the most out of your employees--and employers--using the authors' renowned expertise on typology. With Type talk at work, you'll never look at the office the same way again! 0aPersonality and occupation.2BUEsh941239 0aTypology (Psychology)2BUEsh 0aMyers-Briggs Type Indicator.2BUEsh941240 0aInterpersonal relations.2BUEsh 0aPersonnel management.2BUEsh 2BUEsh bGGENcOctober2016 vReading book9342321 aThuesen, Janet M.423Publisher descriptionuhttp://www.loc.gov/catdir/description/random0415/91018225.html 2ddc c22790d22762 00102ddc40708BaccahaMAINbMAINcLOWd2016-10-23ePurchaseg330.00l1m64o155.264 KROp000034435r2025-07-15 00:00:00s2017-05-25yBB